Rainbow Six - relationships - Statistics

General Stats
  • This quiz has been taken 250 times
  • The average score is 6 of 13
Answer Stats
Question Answer % Correct
Can you tell one of the two GIGN operators that don't like eachother? Lion/Doc
86%
Who's Kali rival? Ash
81%
Who did the nasty scar on Finka's face? Kapkan
57%
Who is in a special relationship with Blitz? Finka
52%
Who is in a rivalry with IQ? Pulse
46%
Who's Ash's best friend? Castle
45%
Wich operator punched Lion in the face during training? Thatcher
43%
Who was angry at Doc in the video "The Program" for invitational 2020? Caveira
40%
Who feels spied by a fellow operator? Dokkaebi
31%
With which operator is it the most easy to get along with? Sledge
29%
In the office of wich operator did Oryx's interview take place? Kaid
22%
Who was at the G20 and G8 with Montagne? Clash
14%
Who received a Soda can from Goyo on the first day of autumn? Frost
14%
No matching quizzes found
Score Distribution
Percent of People with Each Score
Percentile by Number Answered
Your Score History
You have not taken this quiz